Vieme tvoriť, ale nevieme predávať
Textil - hlboká recesia v európskych krajinách i na Slovensku. Silní slovenskí textilní a odevní výrobcovia prepúšťajú zamestnancov, odbytiská sa zmenšujú, chýbajú financie a slabá je i marketingová komunikácia. Slovenské textilky sa orientujú viac na export.
Salvato in:
| Autore principale: | |
|---|---|
| Natura: | Capitolo di libro |
| Lingua: | slovacco |
| Soggetti: | |
| Tags: |
Nessun Tag, puoi essere il primo ad aggiungerne!!
|
MARC
| LEADER | 00000naa$a2200000$$$4500 | ||
|---|---|---|---|
| 001 | 0003665 | ||
| 005 | 20231004094926.6 | ||
| 041 | 0 | |a slo | |
| 044 | |a SK | ||
| 245 | 1 | 0 | |a Vieme tvoriť, ale nevieme predávať |c aut. Jana Bokorová |
| 520 | |a Textil - hlboká recesia v európskych krajinách i na Slovensku. Silní slovenskí textilní a odevní výrobcovia prepúšťajú zamestnancov, odbytiská sa zmenšujú, chýbajú financie a slabá je i marketingová komunikácia. Slovenské textilky sa orientujú viac na export. | ||
| 610 | 2 | 0 | |a priemysel odevný |
| 610 | 2 | 0 | |a priemysel textilný |
| 610 | 2 | 0 | |a recesia |
| 610 | 2 | 0 | |a Európa |
| 610 | 2 | 0 | |a Slovensko |
| 100 | 1 | |a Bokorová, Jana | |